Sports Quiz

Random Sports Quiz

Super Bowl 46 Champion New York Giants Quiz Stats

 Plays Quiz not verified by Sporcle

Challenge
Share
Tweet
Embed
Score 0/83 Timer 10:00
0 Plays Today
Position % Correct
QBEli Manning
100%
RBBrandon Jacobs
96.5%
RBAhmad Bradshaw
96.5%
WRVictor Cruz
95.7%
WRHakeem Nicks
94.4%
QBDavid Carr
92.2%
WRMario Manningham
89.6%
DEJustin Tuck
89.6%
FBHenry Hynoski
85.3%
GChris Snee
84.4%
TEJake Ballard
83.1%
DEJason Pierre-Paul
81.4%
CBCorey Webster
81.4%
GDavid Diehl
81%
RBDJ Ware
80.1%
DEOsi Umenyiora
78.4%
KLawrence Tynes
77.5%
PSteve Weatherford
77.1%
CBAaron Ross
76.6%
TEBear Pascoe
75.3%
SAntrel Rolle
74%
CDavid Baas
73.6%
Head CoachTom Coughlin
73.2%
OTKareem McKenzie
71.9%
LBChase Blackburn
71.9%
WRDevin Thomas
71%
CBTerrell Thomas
71%
DTChris Canty
69.3%
Position % Correct
SKenny Phillips
68.4%
Co-OwnerJohn Mara
67.5%
GKevin Boothe
64.5%
TETravis Beckum
64.1%
LBMathias Kiwanuka
64.1%
LBJacquian Williams
64.1%
LBMichael Boley
63.6%
WRRamses Barden
62.8%
CBPrince Amukamara
61.9%
WRDomenik Hixon
61.5%
Offensive CoordinatorKevin Gilbride
61%
DTLinval Joseph
60.6%
Defensive CoordinatorPerry Fewell
60.2%
DEDave Tollefson
58.9%
Practice Squad RBAndre Brown
58.9%
General ManagerJerry Reese
58.9%
OTWill Beatty
56.3%
SDeon Grant
56.3%
Co-OwnerSteve Tisch
56.3%
WRJerrel Jernigan
55.8%
RBDa'Rel Scott
54.1%
LBGreg Jones
50.2%
LBMark Herzlich
50.2%
SChad Jones
50.2%
DTRocky Bernard
48.1%
CBBruce Johnson
47.2%
STyler Sash
42.4%
DTMarvin Austin
41.6%
Position % Correct
LBSpencer Paysinger
39.8%
LBJonathan Goff
38.1%
LBZak DeOssie
37.7%
GMitch Petrus
34.6%
CBMichael Coe
33.3%
CJim Cordle
29.9%
OTJames Brewer
29.4%
SDerrick Martin
29%
Released WRBrandon Stokley
28.6%
WRMichael Clayton
27.3%
OTStacy Andrews
26.8%
LBClint Sintim
26%
CBJustin Tryon
24.7%
CBWill Blackmon
24.2%
OTTony Ugoh
23.4%
Practice Squad QBRyan Perrilloux
22.9%
DEJustin Trattou
21.2%
DTJimmy Kennedy
19.9%
CBBrian Witherspoon
16.5%
Practice Squad LBAdrian Tracy
13.4%
Practice Squad OTSelvish Capers
10.8%
Practice Squad WRDan DePalma
10.4%
Practice Squad DTDwayne Hendricks
10.4%
Practice Squad WRIsaiah Stanback
9.5%
Practice Squad TEChris Hopkins
9.1%
Practice Squad CBBrandon Bing
8.7%
Practice Squad DTMartin Parker
7.8%

You're not logged in!

Compare scores with friends on all Sporcle quizzes.
OR
Log In

You Might Also Like...

Show Comments

Extras

Created Feb 14, 2012ReportNominate
Tags:bowl, champion, giant, New York, Super Bowl

Top Quizzes Today


Score Distribution

Your Account Isn't Verified!

In order to create a playlist on Sporcle, you need to verify the email address you used during registration. Go to your Sporcle Settings to finish the process.

Report this User

Report this user for behavior that violates our Community Guidelines.

Details: